00732nab a2200193 uc450000100070000000500170000700800410002403500110006503500210007604000130009704100080011010000440011824501050016265000440026765000190031165000340033065000440036477301300040858289620241118090838.0000307e19990701 spa  a582896 a(OCoLC)819823470 ccomduadb aspa10aSerrano Sanchez, Jose Antonio4auteaut10aPracticas y audiencias deportivas : Una exploracion de la consistencia y direccion de sus relaciones 7aDeportesxAspectos sociológicos2lemb 7aDeportes2lemb 7aPsicología del deporte2dcs 7aDeportesxAspectos sociológicos2lemb0 tRevista Española de Investigaciones Sociológicas (Madrid)gNo. 087, Jul.- Sep. 1999, p. 255-288w103174x0210-5233089782